03178njm a2200481Ia 450000100060000000300090000600500170001500800410003204000130007304000130008604100130009910000110011210000180012310000380014124500270017925000110020626000090021726000500022630000100027650000820028650502620036865000570063070000680068770001040075570001440085970000820100370000780108570000950116370001090125870001300136770001130149770000860161070001320169670000880182870001080191670000920202470001140211670000810223070001100231170000750242170000980249670001020259425634IT-RoPAU20220918181121.0131025s9999 xx 000 0 und d aIT-RoPAU cIT-RoPAU aITALIANO aAA.VV. eAutore musica gCodice autore musica SPICS: 12000 aUn diadema di successi a1a ed. aROMA bRCA (RADIO CORP. AMERICA)c1976 [1a Ed.:1976] aDISCO aCanzone italiana. Raccolta delle più note registrazioni dei Ricchi e Poveri aUn diadema di ciliegie - Amici miei - Che sarà - Limpido fiume del sud - L'amore è una cosa meravigliosa - Primo sole, primo fiore - Fumo nero - Addio mamma, addio papà - In questa città - Oceano - La prima cosa bella - Ma la mia strada sarà breve aCANZONE ITALIAN [DISCHI]eCodice MATERIA SPICS: 9950 aRicchi e Poveri (I)gCodice interprete SPICS: 11114eInterprete aBertola RomanogCodice autore testo/musica SPICS: 9236eAutore testo/musicapUn diadema di ciliegie aNistri C.gCodice autore testo/musica SPICS: 16004eAutore testo/musicapAmici miei - Limpido fiume del sud - Ma la mia strada sarà breve aPesgCodice autore musica SPICS: 16100eAutore musicapChe sarà - Fumo nero aFontana JimmygCodice autore SPICS: 10905eAutorepChe sarà - Fumo nero aMigliacci FrancogCodice autore testo/musica SPICS: 13653eAutore testo/musicapChe sarà aSotgiu AngelogCodice autore SPICS: 21688eAutorepLimpido fiume del sud - Ma la mia strada sarà breve aGatti F.gCodice autore testo/musica SPICS: 16096eAutore testo/musicapLimpido fiume del sud - Ma la mia strada sarà breve aDevilli (Curci Alberto)gCodice autore musica SPICS: 13392eAutore musicapL'amore è una cosa meravigliosa aFain SammygCodice autore SPICS: 14147eAutorepL'amore è una cosa meravigliosa aWebster Benjamin Francis (Ben)gCodice autore testo/musica SPICS: 14419eAutore testo/musicapL'amore è una cosa meravigliosa aRenzettigCodice autore musica SPICS: 16099eAutore musicapPrimo sole, primo fiore aAlbertelli LuigigCodice autore testo/musica SPICS: 14330eAutore testo/musicapPrimo sole, primo fiore aSalerno A.gCodice autore musica SPICS: 14302eAutore musicapAddio mamma, addio papà aSalerno Enrico MariagCodice autore testo/musica SPICS: 13692eAutore testo/musicapAddio mamma, addio papà aCapuanogCodice autore musica SPICS: 16102eAutore musicapIn questa città aCalifano FrancogCodice autore testo/musica SPICS: 16101eAutore testo/musicapIn questa città - Oceano aConrado AdolfogCodice autore musica SPICS: 843eAutore musicapOceano aMogol (Rapetti Giulio)gCodice autore musica SPICS: 13643eAutore musicapLa prima cosa bella aDi Bari NicolagCodice autore testo/musica SPICS: 14083eAutore testo/musicapLa prima cosa bella